000 00588nam a22002057a 4500
999 _c11724
_d11724
003 AR-CdUCM
008 190404b ||||| |||| 00| 0 spa d
040 _aMUNICIPALIDAD PROVINCIAL DEL CUSCO
_cBIBLIOTECA MUNICIPAL DEL CUSCO
082 _aC / 869.56 /
_bR24
100 _aRamos Perea, Abel
_913681
245 _aMadre /
260 _aCusco :
_bGarcilaso,
_c1962.
300 _a62 páginas ;
_c16 cm.
505 _aContenido: Poemas.
650 _aPoemas Cusqueños
_917375
650 _aLiteratura
_983
650 _aSiglo XX
_98
942 _2ddc
_cLIBROS
945 _aachl
_d2019-04-04